Normal view
MARC view
Entry Personal Name
001 - CONTROL NUMBER
- control field: 44079
003 - CONTROL NUMBER IDENTIFIER
- control field: ARRUPE
005 - DATE AND TIME OF LATEST TRANSACTION
- control field: 20190123124051.0
008 - FIXED-LENGTH DATA ELEMENTS
- fixed length control field: 190123|| aca||aabn | a|a d
040 ## - CATALOGING SOURCE
- Original cataloging agency: ARRUPE
- Transcribing agency: ARRUPE
100 ## - HEADING--PERSONAL NAME
- Personal name: Sharp, Andrew
670 ## - SOURCE DATA FOUND
- Source citation: Work cat.: (ARRUPE)49661: Sharp, Andrew, Ancient Voyagers in the Pacific